000 00290nam a22001097a 4500
999 _c15747
_d15747
003 OSt
008 190926b ||||| |||| 00| 0 eng d
082 _a551.48
245 _aWater resources systems planning some case studiesfor India
260 _bIndian academy of science
_c1985
942 _cBK